| 000 | 00688nam a22002057a 4500 | ||
|---|---|---|---|
| 003 | OSt | ||
| 005 | 20250730022726.0 | ||
| 008 | 250730b |||||||| |||| 00| 0 eng d | ||
| 020 | _a 9789719533870 | ||
| 040 |
_aDWCL-Main lib _cOC |
||
| 082 | _aFil. 647.94 R695h 2012 | ||
| 100 | _aRodolfa, Bernardo B. | ||
| 245 |
_aHotel rooms division : _bmanagement and control system/ _cBernardo B. Rodolfa |
||
| 260 |
_aManila : _bPurely Books Trading & Publishing, _cc2012. |
||
| 300 |
_axii, 98 pages : _b illustrations ; _c23 cm. |
||
| 504 | _aIncludes bibliographical references. | ||
| 650 | _a1. Hospitality industry. | ||
| 651 | _a2. Hotel management. | ||
| 942 |
_2ddc _cBK - FIL _kFil. _n0 |
||
| 999 |
_c3885 _d3885 |
||